000 00619nam a2200217Ia 4500
005 20241129115520.0
008 241129s9999||||xx |||||||||||||| ||und||
020 _a9781032016061
037 _aTB
040 _aSDCL
_beng
_cSDCL
041 _aeng
_2eng
084 _aX9(Y).2 R1;1
_qSDCL
100 _aBhide Shashanka Ed.; Balsubramanyam V. N. Ed.; Krishna K. L. Ed.
_9727632
245 0 _aDeciphering India's services sector growth
260 _aLondon
_bRoutledge
_c2021
300 _axxv,228p.
365 _aINR
_b995
650 _aGift
942 _cTB
_hX9(Y).2 R1;1
999 _c1230770
_d1230770